000 00354nam a2200133Ia 4500
005 20260328101444.0
008 260328s9999||||xx |||||||||||||| ||und||
100 _aHardoy, Jorge E.
245 0 _aPolíticas de Desarrollo Urbano y Regional en América Latina /
_cJorge E. Hardoy
260 _bSIAP
300 _a374 p.
650 _aURBANISMO
942 _cBK
999 _c8384
_d8384